000
00227nam a22000977a 4500
082
_a
823
_b
BLY/M
100
_a
BLYTON, ENID
245
_a
MR.MEDDLES'S MISCHIEF
246
_a
MR.MEDDLES'S MISCHIEF
_b
MR.MEDDLES'S MISCHIEF
942
_c
BK
999
_c
8373
_d
8373